000 00830cam a22002535a 4500
001 19202018
005 20170420124503.0
008 160802t2016 stka frb 001 0 eng d
020 _a9780702045080
040 _aEQF
_cEQF
_dOCLCO
_dNZTHL
_dLTSCA
_dBKL
_dOCLCF
_dOCLCO
_dDLC
_dEG-ScBUE
_beng
082 0 4 _222
_a615.788
_bHEA
100 1 _aHealy, David,
_d1954-
245 1 0 _aPsychiatric drugs explained /
_cDavid Healy
250 _a6th ed.
260 _aEdinburgh ;
_aNew York :
_bChurchill Livingstone Elsevier,
_cc.2016.
300 _axiv, 339 p. :
_bill. ;
_c24 cm.
504 _aIncludes bibliographical references and index.
650 7 _aPsychotropic drugs.
_2BUEsh
650 7 _aPsychopharmacology.
_2BUEsh
650 7 _aMental illness
_xChemotherapy.
_2BUEsh
651 _2BUEsh
653 _bNNUR
_cApril2017
942 _2ddc
999 _c24682
_d24654